| 000 | 00648nam a2200181Ia 4500 | ||
|---|---|---|---|
| 008 | 090123s9999 xx 000 0 und d | ||
| 082 | _b23363 | ||
| 100 | _aदेशपांडे सई | ||
| 245 | _aअनुभवातील प्रतिमासृष्टी | ||
| 250 | _a1 | ||
| 260 |
_bदेविका प्रकाशन _c1994 |
||
| 300 | _a278 | ||
| 600 | _aदेशपांडे सई | ||
| 630 | _aअनुभवातील प्रतिमासृष्टी | ||
| 700 | _aदेशपांडे सई | ||
| 730 | _aअनुभवातील प्रतिमासृष्टी | ||
| 942 | _cBOOK | ||
| 999 |
_c61434 _d61434 |
||